The effect of carbon black filling on the pyrolisis of natural and synthetic rubber (Record no. 70602)

MARC details
000 -LEADER
fixed length control field 00987nam a2200217Ia 4500
100 ## - MAIN ENTRY--AUTHOR NAME
Personal name Matheson M J
245 #4 - TITLE STATEMENT
Title The effect of carbon black filling on the pyrolisis of natural and synthetic rubber
260 ## - PUBLICATION, DISTRIBUTION, ETC. (IMPRINT)
Name of publisher Rubber World
Year of publication 1996
300 ## - PHYSICAL DESCRIPTION
Number of Pages 14-53
500 ## - GENERAL NOTE
General note Source Year: 1996
520 ## - SUMMARY, ETC.
Summary, etc Natural and synthetic styrene-butadiene rubber of known formulation with and without carbon filler were analysed by pyrolysis. Fourier transform-infrared spectroscopy; pyrolysis-gas chromatography/flame ionization detection; and pyrolysis-gas chromatography/mass spectrometry to determine the effect, if any, of the presence of carbon fillers on the pyrolysis behaviour. Carbon black did not affect the qualitative results.
650 ## - SUBJECT ADDED ENTRY--TOPICAL TERM
Topical Term Carbon black
650 ## - SUBJECT ADDED ENTRY--TOPICAL TERM
Topical Term Natural rubber
650 ## - SUBJECT ADDED ENTRY--TOPICAL TERM
Topical Term Pyrolisis
650 ## - SUBJECT ADDED ENTRY--TOPICAL TERM
Topical Term Synthetic rubber
700 ## - ADDED ENTRY--PERSONAL NAME
Personal name Simonswick W J
700 ## - ADDED ENTRY--PERSONAL NAME
Personal name Wampler T P
856 ## - ELECTRONIC LOCATION AND ACCESS
Uniform Resource Identifier IRRDB
942 ## - ADDED ENTRY ELEMENTS (KOHA)
Koha item type Journals
Holdings
Withdrawn status Lost status Damaged status Not for loan Home library Current library Shelving location Date acquired Serial Enumeration / chronology Koha item type
      Journals RRII Library RRII Library Rubber chemistry 17/12/2021 Volume 213, Issue 4 Journals